al-Fatḥ al-ʻArabī lil-ʻIrāq wa-Fāris. (Record no. 49751)

MARC details
000 -LEADER
fixed length control field 00670cam a22002171 4500
001 - CONTROL NUMBER
control field ne 67001454
003 - CONTROL NUMBER IDENTIFIER
control field DLC
005 - DATE AND TIME OF LATEST TRANSACTION
control field 20260227111834.0
008 - FIXED-LENGTH DATA ELEMENTS--GENERAL INFORMATION
fixed length control field 810713s1966 ua b 000 0 arar
010 ## - LIBRARY OF CONGRESS CONTROL NUMBER
LC control number ne 67001454
035 ## - SYSTEM CONTROL NUMBER
System control number (OCoLC)7579200
040 ## - CATALOGING SOURCE
Original cataloging agency DLC
Transcribing agency TU
Modifying agency TU
-- DLC
050 00 - LIBRARY OF CONGRESS CALL NUMBER
Classification number DS232
Item number .F3
100 1# - MAIN ENTRY--PERSONAL NAME
Personal name Faraj, Muḥammad.
245 13 - TITLE STATEMENT
Title al-Fatḥ al-ʻArabī lil-ʻIrāq wa-Fāris.
Statement of responsibility, etc. [Taʻlīf] Muḥammad Faraj. Taqdīm Aḥmad Hasan al-Bāqūrī.
260 ## - PUBLICATION, DISTRIBUTION, ETC.
Place of publication, distribution, etc. [al-Qahirah]
Name of publisher, distributor, etc. Dar al-Fikr al-ʻArabī,
Date of publication, distribution, etc. 1966.
300 ## - PHYSICAL DESCRIPTION
Extent 289 p.
Dimensions 24 cm.
504 ## - BIBLIOGRAPHY, ETC. NOTE
Bibliography, etc. note Bibliography: p. [281]-282.
651 #0 - SUBJECT ADDED ENTRY--GEOGRAPHIC NAME
Geographic name Iraq
General subdivision History
Chronological subdivision 634-1534.
651 #0 - SUBJECT ADDED ENTRY--GEOGRAPHIC NAME
Geographic name Iran
General subdivision History.

No items available.

Powered by Koha